Manual de derecho comercial /

Guardado en:
Autor Principal: Marquez Garabano, Luis D.
Formato: Libro
Publicado: Buenos Aires : Libreria del Colegio, 1967
Edición:11a. ed.
Materias:
Etiquetas: Agregar Etiqueta
Sin Etiquetas, Sea el primero en etiquetar este registro!
LEADER 00457nam a22001575a 4500
001 CEM.cems004162
008 130507s1967##################000#0#####d
005 20241217133107.0
245 1 0 |a Manual de derecho comercial / 
250 |a 11a. ed. 
260 |a Buenos Aires :  |b Libreria del Colegio,  |c 1967 
300 |a 350 p. 
100 1 |a Marquez Garabano, Luis D. 
082 0 4 |a 347 
653 |a Derecho comercial 
859 |a CEMS  |b BIB. CEMS - 11 de abril  |h 347  |i M348  |p 1059.73  |t Ej.1